Capitals but all Vowels are Changed to “O" - Random Edition - Statistics

General Stats
  • This quiz has been taken 722 times
    601 since last reset
  • The average score is 17 of 20
Answer Stats
Copotol Capital % Correct
Bodopost Budapest
100%
Dhoko Dhaka
100%
London London
100%
Ottowo Ottawa
100%
Son Josó San José
100%
Tokyo Tokyo
100%
Worsow Warsaw
100%
Othons Athens
98%
Boojong Beijing
98%
Born Bern
98%
Bochorost Bucharest
98%
Jokorto Jakarta
98%
Jorosolom Jerusalem
98%
Kongstown Kingstown
98%
Koov Kyiv
98%
Losbon Lisbon
98%
Loxomboorg Luxembourg
98%
Monsk Minsk
98%
Moscow Moscow
98%
Now Dolho New Delhi
98%
Romo Rome
98%
Songoporo Singapore
98%
Votocon Coto Vatican City
98%
Woshongton D.C. Washington D.C.
98%
Brodgotown Bridgetown
97%
Coponhogon Copenhagen
97%
Dokor Dakar
97%
Hovono Havana
97%
Kongston Kingston
97%
Modrod Madrid
97%
Monoco Monaco
97%
Soont John's Saint John's
97%
Obo Dhobo Abu Dhabi
96%
Bongkok Bangkok
96%
Brossols Brussels
96%
Boonos Ooros Buenos Aires
96%
Conborro Canberra
96%
Sõo Tomó São Tomé
96%
Bolgrodo Belgrade
95%
Copo Town Cape Town
95%
Frootown Freetown
95%
Goorgotown Georgetown
95%
Oslo Oslo
95%
Son Morono San Marino
95%
Stockholm Stockholm
95%
Omstordom Amsterdam
94%
Borlon Berlin
94%
Bogotó Bogotá
94%
Brotoslovo Bratislava
94%
Moxoco Coto Mexico City
94%
Pyongyong Pyongyang
94%
Soool Seoul
94%
Tohron Tehran
94%
Zogrob Zagreb
94%
Occro Accra
93%
Domoscos Damascus
93%
Djobooto Djibouti
93%
Holsonko Helsinki
93%
Koolo Lompor Kuala Lumpur
93%
Lo Poz La Paz
93%
Poromorobo Paramaribo
93%
Port-of-Spoon Port-of-Spain
93%
Prostono Pristina
93%
Qooto Quito
93%
Soont Goorgo's Saint George's
93%
Sontoogo Santiago
93%
Tollonn Tallinn
93%
Corocos Caracas
92%
Gootomolo Coto Guatemala City
92%
Oslomobod Islamabad
92%
Rogo Riga
92%
Voctoroo Victoria
92%
Wollongton Wellington
92%
Onkoro Ankara
91%
Boghdod Baghdad
91%
Boorot Beirut
91%
Mogodosho Mogadishu
91%
Port-oo-Pronco Port-au-Prince
91%
Protoroo Pretoria
91%
Royodh Riyadh
91%
Son Solvodor San Salvador
91%
Sofoo Sofia
91%
Tropolo Tripoli
91%
Doblon Dublin
90%
Progoo Prague
90%
Kompolo Kampala
89%
Kowoot Coto Kuwait City
89%
Lomo Lima
89%
Poros Paris
89%
Rookjovók Reykjavík
89%
Ondorro lo Vollo Andorra la Vella
88%
Kobol Kabul
88%
Ljobljono Ljubljana
88%
Montovodoo Montevideo
88%
Moscot Muscat
88%
Sorojovo Sarajevo
88%
Oddos Obobo Addis Ababa
87%
Boko Baku
87%
Doho Doha
87%
Kothmondo Kathmandu
87%
Nossoo Nassau
87%
Voonno Vienna
87%
Ommon Amman
86%
Honoo Hanoi
85%
Konshoso Kinshasa
85%
Sonto Domongo Santo Domingo
85%
Tboloso Tbilisi
85%
Vodoz Vaduz
85%
Ponomo Coto Panama City
84%
Phnom Ponh Phnom Penh
84%
Noorobo Nairobi
83%
Wondhook Windhoek
83%
Brozzovollo Brazzaville
82%
Cooro Cairo
82%
Choșonŏo Chișinău
82%
Podgoroco Podgorica
82%
Port Morosbo Port Moresby
82%
Robot Rabat
82%
Sono'o Sana'a
82%
Tonos Tunis
82%
Olgoors Algiers
81%
Bondor Soro Bogowon Bandar Seri Begawan
81%
Mopoto Maputo
81%
Yorovon Yerevan
81%
Boshkok Bishkek
79%
Khortoom Khartoum
79%
Moló Malé
79%
Monrovoo Monrovia
79%
Porto-Novo Porto-Novo
79%
Toshkont Tashkent
79%
Vollotto Valletta
79%
Ontononorovo Antananarivo
78%
Ostono Astana
78%
Osoncoón Asunción
78%
Goborono Gaborone
78%
Skopjo Skopje
78%
Oloonbootor Ulaanbaatar
78%
Bonjol Banjul
77%
Conokry Conakry
77%
Lobrovollo Libreville
77%
Port Volo Port Vila
77%
Toopoo Taipei
77%
Volnoos Vilnius
77%
Bloomfontoon Bloemfontein
76%
Torono Tirana
76%
Obojo Abuja
75%
Oshgobot Ashgabat
75%
Osmoro Asmara
75%
Dolo Dili
75%
Nocosoo Nicosia
75%
Socro Sucre
75%
Bossoo Bissau
74%
Dodomo Dodoma
74%
Monomo Manama
74%
Monolo Manila
74%
Noookchott Nouakchott
74%
Port Looos Port Louis
74%
Thompho Thimphu
74%
Losoko Lusaka
73%
N'Djomono N'Djamena
73%
Togocogolpo Tegucigalpa
73%
Opoo Apia
72%
Sovo Suva
72%
Bossotorro Basseterre
71%
Bolmopon Belmopan
71%
Jobo Juba
71%
Mojoro Majuro
71%
Sro Joyowordonoporo Kotto Sri Jayawardenepura Kotte
71%
Yooondó Yaoundé
71%
Brosóloo Brasília
70%
Loondo Luanda
70%
Yoron Yaren
70%
Bomoko Bamako
68%
Kogolo Kigali
68%
Lomó Lomé
68%
Fonofoto Funafuti
67%
Mbobono Mbabane
67%
Lolongwo Lilongwe
66%
Doshonbo Dushanbe
65%
Monogoo Managua
65%
Sooth Torowo South Tarawa
65%
Yomoossookro Yamoussoukro
64%
Bongoo Bangui
63%
Molobo Malabo
63%
Hororo Harare
62%
Costroos Castries
61%
Honooro Honiara
60%
Prooo Praia
60%
Noopyodow Naypyidaw
59%
Voontoono Vientiane
58%
Rosooo Roseau
57%
Polokor Palikir
56%
Mosoro Maseru
55%
Ooogodoogoo Ouagadougou
55%
Ngorolmod Ngerulmud
52%
Noomoo Niamey
52%
Nokoʻolofo Nukuʻalofa
52%
Gotogo Gitega
49%
Morono Moroni
44%
Cotonoo Cotonou
36%
No matching quizzes found
Score Distribution
Percent of People with Each Score
Percentile by Number Answered
Your Score History
You have not taken this quiz since the last reset